La iniciativa del arco del pacífico latinoamericano: un nuevo actor en el escenario de la integración regional /
En este artículo se analizan los nuevos escenarios del regionalismo en el continente americano y el papel del Foro del Arco del Pacífico Latinoamericano. Se parte de la premisa de que se está produciendo una fragmentación en 3 ejes que proponen modelos económicos diferentes para el proyecto regional...
保存先:
| 第一著者: | |
|---|---|
| フォーマット: | テキスト |
| 主題: | |
| タグ: |
タグ追加
タグなし, このレコードへの初めてのタグを付けませんか!
|
MARC
| LEADER | 00000 a a2200000 04500 | ||
|---|---|---|---|
| 001 | 44919 | ||
| 003 | |||
| 040 | |||
| 100 | |a Briceño Ruiz, José | ||
| 245 | |a La iniciativa del arco del pacífico latinoamericano: |b un nuevo actor en el escenario de la integración regional / |c José Briceño Ruiz | ||
| 520 | |a En este artículo se analizan los nuevos escenarios del regionalismo en el continente americano y el papel del Foro del Arco del Pacífico Latinoamericano. Se parte de la premisa de que se está produciendo una fragmentación en 3 ejes que proponen modelos económicos diferentes para el proyecto regional: Regionalismo Abierto, el Revisionismo y el Antisistémico. | ||
| 650 | |a 1.INTEGRACION ECONOMICA | ||
| 650 | |a 2.POLITICA | ||
| 650 | |a 3.RELACIONES INTERNACIONALES | ||
| 650 | |a 4.COMERCIO INTERNACIONAL | ||
| 650 | |a 5.AMERICA LATINA | ||
| 773 | |g número228 ( , 2010), páginas 44-59 | ||
| 999 | |c 38219 |d 38219 | ||
